| 000 | 00414pab a2200145 454500 | ||
|---|---|---|---|
| 008 | 180718b1991 xxu||||| |||| 00| 0 eng d | ||
| 100 | _aSandesara, J.C. | ||
| 245 |
_aNew industrial policy _bQuestions of efficient growth and social objectives |
||
| 260 | _c1991 | ||
| 300 | _a1869-72 | ||
| 362 | _a3-10 Aug. | ||
| 650 | _aGovernment and Business - India | ||
| 773 | _aEconomic and Political Weekly | ||
| 909 | _a9492 | ||
| 999 |
_c9492 _d9492 |
||